Formation of the Independence Party in Post-war Iraq

Historický pohľad na liberalizáciu politického poriadku v Iraku.

Gespeichert in:
Bibliographische Detailangaben
1. Verfasser: Sorby, Karol R.
Format: Buchkapitel
Sprache:Englisch
Schlagworte:
Tags: Tag hinzufügen
Keine Tags, Fügen Sie das erste Tag hinzu!

MARC

LEADER 00000nla a2200000 4500
001 0236613
005 20240502073827.6
041 0 |a eng 
044 |a SK 
245 1 0 |a Formation of the Independence Party in Post-war Iraq  |c Karol R. Sorby 
520 |a Historický pohľad na liberalizáciu politického poriadku v Iraku. 
610 2 0 |a politika 
610 2 0 |a Irak 
610 2 0 |a strany politické 
610 2 0 |a strany vládne 
610 2 0 |a história 
610 2 0 |a liberalizmus 
610 2 0 |a konflikty 
610 2 0 |a nezávislosť 
100 1 |a Sorby, Karol R.